Mudrārākshasa. (Record no. 60413)

MARC details
000 -LEADER
fixed length control field 00579cam a22002291 4500
001 - CONTROL NUMBER
control field sa 64007687
003 - CONTROL NUMBER IDENTIFIER
control field DLC
005 - DATE AND TIME OF LATEST TRANSACTION
control field 20260227112048.0
008 - FIXED-LENGTH DATA ELEMENTS--GENERAL INFORMATION
fixed length control field 900205s1963 ii 000 0 hino
010 ## - LIBRARY OF CONGRESS CONTROL NUMBER
LC control number sa 64007687
035 ## - SYSTEM CONTROL NUMBER
System control number (OCoLC)21003250
040 ## - CATALOGING SOURCE
Original cataloging agency DLC
Transcribing agency WaU
Modifying agency DLC
042 ## - AUTHENTICATION CODE
Authentication code premarc
050 00 - LIBRARY OF CONGRESS CALL NUMBER
Classification number PK3798.V82
Item number H5
100 0# - MAIN ENTRY--PERSONAL NAME
Personal name Viśākhadatta.
245 10 - TITLE STATEMENT
Title Mudrārākshasa.
260 ## - PUBLICATION, DISTRIBUTION, ETC.
Date of publication, distribution, etc. [1963]
300 ## - PHYSICAL DESCRIPTION
Extent 18, [9]-186 p.
Dimensions 18 cm.
500 ## - GENERAL NOTE
General note In Hindi.
700 0# - ADDED ENTRY--PERSONAL NAME
Personal name Hariścandra,
Titles and other words associated with a name Bhāratendu,
Dates associated with a name 1850-1885.
700 1# - ADDED ENTRY--PERSONAL NAME
Personal name Guptā, Sureśacandra,
Dates associated with a name 1933-

No items available.

Powered by Koha